Zbojníci na Slovensku zbíjali stovky hôrnych chlapcov a mnohí dlhšie ako Jánošík

Bibliographic Details
Main Authors: Mikulcová, Monika (Author), Gašparíková, Viera, 1928-2023 (Author)
Format: Article
Language:Slovak
PhysicalDescription:Obr.
ISSN:1210-2040
Subjects:

MARC

LEADER 00000nab a2200000 a 4500
001 vtls009967108
003 SK-MaSNL
005 20260523034301.0
008 091105 2009 xo r r 000 0 slo
015 |a SNBRB2009/11  |2 kevkjb 
038 |a KEVKJB 
040 |a KEVKJB  |b slo  |c KEVKJB  |e AACR2 
041 0 |a slo 
044 |a xo  |c SK 
080 |a 343.343-051  |2 2001 
100 1 |a Mikulcová, Monika  |4 aut  |9 857116 
245 1 0 |a Zbojníci  |b na Slovensku zbíjali stovky hôrnych chlapcov a mnohí dlhšie ako Jánošík  |c Monika Mikulcová, Viera Gašparíková 
300 |b Obr. 
600 1 7 |a Hlavatý Fedor,  |d činný 15. stor  |2 kevkjb  |9 164563 
600 1 7 |a Jánošík, Juraj,  |d 1688-1713  |2 kevkjb  |9 172043 
600 1 7 |a Uhorčík, Tomáš  |2 kevkjb  |9 1038036 
600 1 7 |a Surovec, Jakub,  |d asi 1715-1740  |2 snkbucl  |9 203680 
600 1 7 |a Vdovec, Michal,  |d 1803-1832  |2 kevkjb  |9 589408 
600 1 7 |a Poroňský, Karol, 1830-1912  |2 kevkjb  |9 1559872 
600 1 7 |a Rózsa, Sándor,  |d 1813-1878  |2 kevkjb  |9 314228 
650 0 7 |a zbojníci  |2 SNKPH  |9 51650 
651 7 |a Slovensko  |2 SNKPHgeo  |9 14231 
651 7 |a Bardejov (Slovensko)  |2 SNKPHgeo  |9 20040 
651 7 |a Ruská Volová (Slovensko)  |2 SNKPHgeo  |9 51137 
651 7 |a Tisovský Hámor (Slovensko)  |2 SNKPHgeo  |9 1478052 
651 7 |a Uhorsko  |2 SNKPHgeo  |9 28673 
700 1 |a Gašparíková, Viera,  |d 1928-2023  |4 aut  |9 105697 
773 0 |t Plus 7 dní  |g Roč. XIX, č. 45 (2009), s. 94-96  |x 1210-2040 
852 |a KEVKJB  |b KIS3GCP 
999 |c 3172952  |d 3174882